La comprehension en lecture
Αποθηκεύτηκε σε:
| Κύριος συγγραφέας: | |
|---|---|
| Μορφή: | Βιβλίο |
| Γλώσσα: | French |
| Δημοσίευση: |
[Bruxelles] :
[De Boeck],
[2007]
|
| Σειρά: | Pratiques pedagogiques
|
| Θέματα: | |
| Ετικέτες: |
Προσθήκη ετικέτας
Δεν υπάρχουν, Καταχωρήστε ετικέτα πρώτοι!
|
MARC
| LEADER | 00000nam a2200000 i 4500 | ||
|---|---|---|---|
| 001 | 1/84022 | ||
| 008 | 080507s2007 fre d | ||
| 020 | |a 978-2-8041-5615-2 | ||
| 035 | |l 10097083 | ||
| 040 | |a GR-MY-UA |b gre |e aacr | ||
| 041 | 0 | |a fre | |
| 082 | 0 | |a 372.41 |2 (22) | |
| 100 | 1 | |a Giasson, Jocelyne. | |
| 245 | 1 | 3 | |a La comprehension en lecture / |c Jocelyne Giasson |
| 260 | |a [Bruxelles] : |b [De Boeck], |c [2007] | ||
| 300 | |a x, 255 σ.; |c 24 εκ. | ||
| 490 | 1 | |a Pratiques pedagogiques | |
| 504 | |a Βιβλιογραφία: σ. [239]-255 | ||
| 650 | 0 | 0 | |a Reading (Primary) |
| 650 | 0 | 0 | |a Reading comprehension |x Study and teaching (Elementary) |
| 830 | 0 | |a Pratiques pedagogiques | |
| 852 | |a INST |b RHODES |e 20080507 |h 372.41 GIA |p 005400029236 |q 005400029236 |t BK |y 0 | ||
| 901 | |a BIBL4-2008-2 | ||
| 909 | |a Ρ |b 152477 | ||
| 922 | |a 4ΕΛΗ |b 200803 |c ΕΠΕΑΕΚ2/ΤΕΠΑΕΣ |d ΠΑΠΑΣΩΤΗΡΙΟΥ | ||
| 970 | |a ΚΟΖΑ |b ΜΑΡΙΑ |z 2008/05/07 | ||